Nil Einzugsgebiet Länder auf einer Karte - Statistiken

Allgemein
  • Dieses Quiz wurde 111 mal gespielt
  • Das Durchschnittsergebnis liegt bei 10 aus 11
Antworten auf der Karte
Die Antworten werden auf der Karte rot bzw. grün angezeigt, abhängig davon wie oft sie richtig erraten wurden.
 
Antwortstatistiken
Land % Korrekt
Ägypten
99%
Äthiopien
97%
Sudan
97%
Südsudan
97%
Dem Rep Kongo
94%
Eritrea
94%
Kenia
94%
Uganda
94%
Ruanda
93%
Tansania
90%
Burundi
82%
Keine übereinstimmenden Quizze gefunden
Verteilung der Resultate
Anzahl Personen mit jedem Resultat
Perzentil nach korrekt beantworteten Fragen
Ihre Resultats-Entwicklung
Sie haben dieses Quiz noch nicht gespielt